000 00331nam a22001337a 4500
008 230921b |||||||| |||| 00| 0 eng d
082 _a105.32
100 _aC.W. Gear
245 _aComputer Origination and Programming
_cC.W. Gear
260 _aNew Delhi
_bTMH
_c1980
650 _aBB CSE
796 _aC.W. Gear
942 _2ddc
_cBK
999 _c20188
_d20188